000 01637cam a2200325 i 4500
003 BJBSDDR
005 20230815101813.0
007 ta
008 120802s2011 nyu 001 0 eng
020 _a9780061791437 (pbk.)
020 _a0061791431 (pbk.)
040 _beng
_cDLC
041 _aeng
050 1 4 _aPN 1996
_bH371w 2011
082 0 0 _a808.2
100 1 _aHauge, Michael,
_d1947-
_911528
245 1 0 _aWriting screenplays that sell :
_bthe complete guide to turning story concepts into movie and television deals /
_cMichael Hauge.
250 _aNew twentieth anniversary edition. [New 20th anniversary edition].
264 1 _aNew York :
_bCollins Reference,
_c2011.
300 _axxx, 349 pages ;
_c21 cm
500 _aIncludes index.
505 _apt. 1. Developing the story -- pt. 2. Writing the screenplay -- pt. 3. The business of screenwriting -- pt. 4. The commitment to screenwriting.
520 _a"For more than twenty years, Writing Screenplays That Sell has been hailed as the most complete guide available on the art, craft, and business of writing for movies and television. Now fully revised and updated to reflect the latest trends and scripts, Hollywood story expert and script consultant Michael Hauge walks readers through every step of writing and selling successful screenplays. If you read only one book on the screenwriter's craft, this must be the one"--The publisher.
650 0 _aMotion picture authorship.
650 4 _aAutoría cinematográfica
_931462
650 0 _aTelevision authorship.
650 4 _aAutoría en televisión
_99169
942 _2lcc
_cBK
946 _ilmm
999 _c77716
_d77716